| 000 -LEADER |
| fixed length control field |
02256cam a2200529Ma 4500 |
| 001 - CONTROL NUMBER |
| control field |
1151175 |
| 003 - CONTROL NUMBER IDENTIFIER |
| control field |
OCoLC |
| 005 - DATE AND TIME OF LATEST TRANSACTION |
| control field |
20230420110815.0 |
| 008 - FIXED-LENGTH DATA ELEMENTS--GENERAL INFORMATION |
| fixed length control field |
071029s2007 enka j 000 1 eng d |
| 015 ## - NATIONAL BIBLIOGRAPHY NUMBER |
| National bibliography number |
GBA753642 |
| Source |
bnb |
| 015 ## - NATIONAL BIBLIOGRAPHY NUMBER |
| National bibliography number |
GBB191553 |
| Source |
bnb |
| 020 ## - INTERNATIONAL STANDARD BOOK NUMBER |
| International Standard Book Number |
9780746085363 |
| Qualifying information |
(hbk.) |
| 035 ## - SYSTEM CONTROL NUMBER |
| System control number |
(OCoLC)271434208 |
| Canceled/invalid control number |
(OCoLC)155683276 |
| -- |
(OCoLC)192094718 |
| -- |
(OCoLC)751736953 |
| -- |
(OCoLC)966014162 |
| 040 ## - CATALOGING SOURCE |
| Original cataloging agency |
AU@ |
| Language of cataloging |
eng |
| Transcribing agency |
AU@ |
| Modifying agency |
UKM |
| -- |
BTCTA |
| -- |
SINLB |
| -- |
YDXCP |
| -- |
JFN |
| -- |
BAKER |
| -- |
RIOSL |
| -- |
IHG |
| -- |
OCLCQ |
| -- |
UKMGB |
| -- |
BDX |
| -- |
KP9 |
| -- |
OCLCO |
| -- |
OCLCQ |
| -- |
OCLCO |
| -- |
MYPEN |
| -- |
TDS |
| -- |
OCLCO |
| -- |
CNGUL |
| -- |
NZASP |
| -- |
CNCAR |
| -- |
OWE |
| -- |
NZHPC |
| -- |
OCLCQ |
| -- |
OCLCF |
| -- |
OCLCO |
| -- |
VT2 |
| -- |
OCLCQ |
| -- |
OCLCO |
| -- |
THU |
| -- |
KH8 |
| 042 ## - AUTHENTICATION CODE |
| Authentication code |
nbic |
| 082 0# - DEWEY DECIMAL CLASSIFICATION NUMBER |
| Classification number |
823.92 MAC |
| 100 1# - MAIN ENTRY--PERSONAL NAME |
| Personal name |
Mackinnon, Mairi. |
| Relator term |
Author |
| 245 14 - TITLE STATEMENT |
| Title |
The leopard and the Sky God / |
| Statement of responsibility, etc. |
retold by Mairi Mackinnon ; illustrated by Ali Lodge. |
| 260 ## - PUBLICATION, DISTRIBUTION, ETC. |
| Place of publication, distribution, etc. |
London : |
| Name of publisher, distributor, etc. |
Usborne, |
| Date of publication, distribution, etc. |
2007. |
| 300 ## - PHYSICAL DESCRIPTION |
| Extent |
48 pages : |
| Other physical details |
color illustrations ; |
| Dimensions |
21 cm. |
| 336 ## - CONTENT TYPE |
| Content type term |
text |
| Content type code |
txt |
| Source |
rdacontent. |
| 337 ## - MEDIA TYPE |
| Media type term |
unmediated |
| Media type code |
n |
| Source |
rdamedia. |
| 338 ## - CARRIER TYPE |
| Carrier type term |
volume |
| Carrier type code |
nc |
| Source |
rdacarrier. |
| 490 1# - SERIES STATEMENT |
| Series statement |
Usborne first reading. Level three. |
| 520 ## - SUMMARY, ETC. |
| Summary, etc. |
"In this lovely African tale, set long, long ago, the leopard has a spendid new drum - and the Sky God wants it. Along the way, the tortoise gets a shell and thunder is made for the very first time"--Back cover. |
| 650 #0 - SUBJECT ADDED ENTRY--TOPICAL TERM |
| Topical term or geographic name entry element |
Readers (Primary) |
| 650 #0 - SUBJECT ADDED ENTRY--TOPICAL TERM |
| Topical term or geographic name entry element |
Fables, African |
| Form subdivision |
Juvenile fiction. |
| 650 #0 - SUBJECT ADDED ENTRY--TOPICAL TERM |
| Topical term or geographic name entry element |
Leopard |
| Form subdivision |
Juvenile fiction. |
| 650 #1 - SUBJECT ADDED ENTRY--TOPICAL TERM |
| Topical term or geographic name entry element |
Faolktales |
| Form subdivision |
Juvenile fiction. |
| 650 #5 - SUBJECT ADDED ENTRY--TOPICAL TERM |
| Topical term or geographic name entry element |
Readers (Primary) |
| 650 #7 - SUBJECT ADDED ENTRY--TOPICAL TERM |
| Topical term or geographic name entry element |
Fables, African. |
| Source of heading or term |
fast |
| Authority record control number or standard number |
(OCoLC)fst00919372. |
| 650 #7 - SUBJECT ADDED ENTRY--TOPICAL TERM |
| Topical term or geographic name entry element |
Leopard. |
| Source of heading or term |
fast |
| Authority record control number or standard number |
(OCoLC)fst00996229. |
| 650 #7 - SUBJECT ADDED ENTRY--TOPICAL TERM |
| Topical term or geographic name entry element |
Readers (Primary) |
| Source of heading or term |
fast |
| Authority record control number or standard number |
(OCoLC)fst01090606. |
| 655 #0 - INDEX TERM--GENRE/FORM |
| Genre/form data or focus term |
Children's stories. |
| 655 #4 - INDEX TERM--GENRE/FORM |
| Genre/form data or focus term |
Children's nonfiction. |
| Institution to which field applies |
NZ-WeK. |
| 655 #7 - INDEX TERM--GENRE/FORM |
| Genre/form data or focus term |
Fables. |
| Source of term |
fast |
| Authority record control number or standard number |
(OCoLC)fst01726604. |
| 655 #7 - INDEX TERM--GENRE/FORM |
| Genre/form data or focus term |
Fiction. |
| Source of term |
fast |
| Authority record control number or standard number |
(OCoLC)fst01423787. |
| 655 #7 - INDEX TERM--GENRE/FORM |
| Genre/form data or focus term |
Juvenile works. |
| Source of term |
fast |
| Authority record control number or standard number |
(OCoLC)fst01411637. |
| 655 #7 - INDEX TERM--GENRE/FORM |
| Genre/form data or focus term |
Readers (Primary) |
| Source of term |
fast |
| Authority record control number or standard number |
(OCoLC)fst01726484. |
| 655 #7 - INDEX TERM--GENRE/FORM |
| Genre/form data or focus term |
Fables. |
| Source of term |
gsafd. |
| 655 #7 - INDEX TERM--GENRE/FORM |
| Genre/form data or focus term |
Fables. |
| Source of term |
lcgft. |
| 655 #7 - INDEX TERM--GENRE/FORM |
| Genre/form data or focus term |
Readers (Primary) |
| Source of term |
lcgft. |
| 655 #7 - INDEX TERM--GENRE/FORM |
| Genre/form data or focus term |
Children's stories. |
| Source of term |
lcgft. |
| 700 1# - ADDED ENTRY--PERSONAL NAME |
| Personal name |
Lodge, Alison. |
| Relator term |
Illustrator |
| 830 #0 - SERIES ADDED ENTRY--UNIFORM TITLE |
| Uniform title |
Usborne first reading. |
| Number of part/section of a work |
Level three. |
| 942 ## - ADDED ENTRY ELEMENTS (KOHA) |
| Source of classification or shelving scheme |
|
| Koha item type |
Books - Fiction |